Deutsch - warum nicht?-1 / 1

Guardat en:
Dades bibliogràfiques
Autor principal: Herrad Meese
Altres autors: Bien tap: Nguyen Huy Đoan
Format: Thesis Llibre
Idioma:German
Publicat: -H. : Giáo dục, 1999.
Col·lecció:XB voi su giup đơ cua Vien Goethe Ha noi
Matèries:
Etiquetes: Afegir etiqueta
Sense etiquetes, Sigues el primer a etiquetar aquest registre!
Thư viện lưu trữ: Mạng thư viện Đại học Đà Nẵng
LEADER 01284cam a22003731a 4500
001 000036210
003 12504
005 20230529153617.0
008 160329s1999 vm 000 ger
040 |a LNN 
082 |a 438  |b HE-M 
100 |a Herrad Meese 
245 0 |a Deutsch - warum nicht?-1 /  |c Herrad Meese  |n 1 
260 |a -H. :  |b Giáo dục,  |c 1999. 
300 |a 20cm :  |b 154tr;. 
490 |a XB voi su giup đơ cua Vien Goethe Ha noi 
502 |a Chương trinh day tieng Đưc qua Đai phat thanh 
650 |a Deutsch - warum nicht?  |b Tiếng Đức - Tại sao không  |c Herrad Meese 
653 |a Deutsch - warum nicht?,1999 
700 |a Bien tap:  |b Nguyen Huy Đoan 
852 |b Giáo trình Tieng Anh  |c Song ngư Anh-Viet 
OWN |a LNN 
AVA |a UDN50  |b LNN  |d 438 HE-M  |e check_holdings  |t Error 5003 Not defined in file expand_doc_bib_avail.  |h N 
999 |a From the UDN01 
AVA |a UDN50  |b LNN  |d 438 HE-M  |e available  |t Error 5001 Not defined in file expand_doc_bib_avail.  |f 30  |g 0  |h N  |i 0 
TYP |a Dissertation 
TYP |a Monograph 
TYP |a Printed language 
980 |a Mạng thư viện Đại học Đà Nẵng